000
00338nam a2200133Ia 4500
008
230312s9999||||xx |||||||||||||| ||und||
082
_a
891.4
_b
GHU-H
100
_a
پیر سید غلام قطب
245
0
_a
حقالق و معارف
260
_b
sangi publisher
_a
pakistan
_c
2009
300
_a
311
650
_a
Literature
942
_c
BK
999
_c
14733
_d
14733